000 00274nam a22001217a 4500
008 180313b xxu||||| |||| 00| 0 eng d
041 _aeng
080 _a331.101.262
100 _a54
101 _aBNJ
245 _aHUMAN RESOURCE MANAGEMENT
_cGRIFFIN.D
942 _2udc
_cBK
999 _c44933
_d44933